<?xml version="1.0" encoding="UTF-8"?>
<record
    xmlns:xsi="http://www.w3.org/2001/XMLSchema-instance"
    xsi:schemaLocation="http://www.loc.gov/MARC21/slim http://www.loc.gov/standards/marcxml/schema/MARC21slim.xsd"
    xmlns="http://www.loc.gov/MARC21/slim">

  <leader>00330nam a2200133Ia 4500</leader>
  <controlfield tag="008">150731s2014    xx            000 0 und d</controlfield>
  <datafield tag="082" ind1=" " ind2=" ">
    <subfield code="a">612</subfield>
    <subfield code="b">P 14 J</subfield>
  </datafield>
  <datafield tag="100" ind1=" " ind2=" ">
    <subfield code="a">JOSHI, VIJAYA D.</subfield>
  </datafield>
  <datafield tag="245" ind1=" " ind2=" ">
    <subfield code="a">PHYSIOLOGY: PREP. MANUAL FOR U.G.</subfield>
  </datafield>
  <datafield tag="250" ind1=" " ind2=" ">
    <subfield code="a">5 TH</subfield>
  </datafield>
  <datafield tag="260" ind1=" " ind2=" ">
    <subfield code="b">ELSEVIER- INDIA DELHI</subfield>
    <subfield code="c">2014</subfield>
  </datafield>
  <datafield tag="300" ind1=" " ind2=" ">
    <subfield code="a">588</subfield>
  </datafield>
  <datafield tag="942" ind1=" " ind2=" ">
    <subfield code="2">ddc</subfield>
    <subfield code="c">BK</subfield>
    <subfield code="0">21</subfield>
  </datafield>
  <datafield tag="952" ind1=" " ind2=" ">
    <subfield code="0">0</subfield>
    <subfield code="1">0</subfield>
    <subfield code="2">ddc</subfield>
    <subfield code="4">0</subfield>
    <subfield code="7">0</subfield>
    <subfield code="8">FA</subfield>
    <subfield code="a">APL</subfield>
    <subfield code="b">APL</subfield>
    <subfield code="d">2015-09-14</subfield>
    <subfield code="e">ABC DELHI</subfield>
    <subfield code="g">495.00</subfield>
    <subfield code="h">3</subfield>
    <subfield code="i">SGTU</subfield>
    <subfield code="l">9</subfield>
    <subfield code="o">612 P 14 J</subfield>
    <subfield code="p">FA2396</subfield>
    <subfield code="r">2026-05-27 10:35:02</subfield>
    <subfield code="s">2026-05-07</subfield>
    <subfield code="w">2015-03-31</subfield>
    <subfield code="y">BK</subfield>
    <subfield code="k">5610</subfield>
  </datafield>
  <datafield tag="952" ind1=" " ind2=" ">
    <subfield code="0">0</subfield>
    <subfield code="1">0</subfield>
    <subfield code="2">ddc</subfield>
    <subfield code="4">0</subfield>
    <subfield code="7">0</subfield>
    <subfield code="8">FA</subfield>
    <subfield code="a">APL</subfield>
    <subfield code="b">APL</subfield>
    <subfield code="d">2015-09-14</subfield>
    <subfield code="e">ABC DELHI</subfield>
    <subfield code="g">495.00</subfield>
    <subfield code="h">3</subfield>
    <subfield code="i">SGTU</subfield>
    <subfield code="l">3</subfield>
    <subfield code="o">612 P 14 J</subfield>
    <subfield code="p">FA2397</subfield>
    <subfield code="r">2022-07-16 00:00:00</subfield>
    <subfield code="s">2022-07-05</subfield>
    <subfield code="w">2015-03-31</subfield>
    <subfield code="y">BK</subfield>
    <subfield code="k">5611</subfield>
  </datafield>
  <datafield tag="952" ind1=" " ind2=" ">
    <subfield code="0">0</subfield>
    <subfield code="1">0</subfield>
    <subfield code="2">ddc</subfield>
    <subfield code="4">0</subfield>
    <subfield code="7">0</subfield>
    <subfield code="8">FA</subfield>
    <subfield code="a">APL</subfield>
    <subfield code="b">APL</subfield>
    <subfield code="d">2015-09-14</subfield>
    <subfield code="e">ABC DELHI</subfield>
    <subfield code="g">495.00</subfield>
    <subfield code="h">3</subfield>
    <subfield code="i">SGTU</subfield>
    <subfield code="l">8</subfield>
    <subfield code="m">1</subfield>
    <subfield code="o">612 P 14 J</subfield>
    <subfield code="p">FA2398</subfield>
    <subfield code="r">2024-12-31 00:00:00</subfield>
    <subfield code="s">2024-12-23</subfield>
    <subfield code="w">2015-03-31</subfield>
    <subfield code="y">BK</subfield>
    <subfield code="k">5612</subfield>
  </datafield>
  <datafield tag="952" ind1=" " ind2=" ">
    <subfield code="0">0</subfield>
    <subfield code="1">0</subfield>
    <subfield code="2">ddc</subfield>
    <subfield code="4">0</subfield>
    <subfield code="7">0</subfield>
    <subfield code="8">FA</subfield>
    <subfield code="a">APL</subfield>
    <subfield code="b">APL</subfield>
    <subfield code="d">2015-09-14</subfield>
    <subfield code="e">ABC DELHI</subfield>
    <subfield code="g">495.00</subfield>
    <subfield code="h">3</subfield>
    <subfield code="i">SGTU</subfield>
    <subfield code="l">9</subfield>
    <subfield code="o">612 P 14 J</subfield>
    <subfield code="p">FA2399</subfield>
    <subfield code="r">2024-05-31 00:00:00</subfield>
    <subfield code="s">2024-04-26</subfield>
    <subfield code="w">2015-03-31</subfield>
    <subfield code="y">BK</subfield>
    <subfield code="k">5613</subfield>
  </datafield>
  <datafield tag="952" ind1=" " ind2=" ">
    <subfield code="0">0</subfield>
    <subfield code="1">0</subfield>
    <subfield code="2">ddc</subfield>
    <subfield code="4">0</subfield>
    <subfield code="7">0</subfield>
    <subfield code="8">FA</subfield>
    <subfield code="a">APL</subfield>
    <subfield code="b">APL</subfield>
    <subfield code="d">2015-09-14</subfield>
    <subfield code="e">ABC DELHI</subfield>
    <subfield code="g">495.00</subfield>
    <subfield code="h">3</subfield>
    <subfield code="i">SGTU</subfield>
    <subfield code="l">1</subfield>
    <subfield code="o">612 P 14 J</subfield>
    <subfield code="p">FA2400</subfield>
    <subfield code="r">2023-08-31 00:00:00</subfield>
    <subfield code="s">2023-08-18</subfield>
    <subfield code="w">2015-03-31</subfield>
    <subfield code="y">BK</subfield>
    <subfield code="k">5614</subfield>
  </datafield>
  <datafield tag="999" ind1=" " ind2=" ">
    <subfield code="c">7970</subfield>
    <subfield code="d">7970</subfield>
  </datafield>
</record>
